000
00272nam a2200121Ia 4500
008
190216s9999||||xx |||||||||||||| ||und||
100
_a
Sinha P K
245
0
_a
Service Marketing
260
_b
Himalaya Publishing House
300
_a
253
650
_a
Commerce
942
_c
BK
999
_c
7010
_d
7010